Sports Quiz

Random Sports or Baseball Quiz

Texas Ranger 18 Game Winners Quiz Stats

Quiz not verified by Sporcle

Challenge
Share
Tweet
Embed
Score 0/10 Timer 02:00
0 Plays Today
# of Wins Pitcher % Correct
25Ferguson Jenkins
86.8%
18Ferguson Jenkins
86.8%
21Kevin Brown
79.1%
18Kenny Rogers
79.1%
18Charlie Hough
72.5%
20Rick Helling
71.4%
18Matt Harrison
66.7%
19Aaron Sele
56%
18Aaron Sele
56%
19Jim Bibby
22%

You're not logged in!

Compare scores with friends on all Sporcle quizzes.
Join for Free
OR
Log In

You Might Also Like...

Show Comments

Extras

Top Quizzes Today


Score Distribution

Your Account Isn't Verified!

In order to create a playlist on Sporcle, you need to verify the email address you used during registration. Go to your Sporcle Settings to finish the process.

Report this User

Report this user for behavior that violates our Community Guidelines.

Details: